Statistiken für UEFA Champions League (Beste dt. Teilnehmer) #3

Klicken Sie hier um das Quiz zu spielen!

Allgemein

  • Dieses Quiz wurde 70 mal gespielt
  • Das Durchschnittsergebnis liegt bei 5 aus 7

Antwortstatistiken

Verein% Korrekt
FC Bayern München
98%
Borussia Dortmund
92%
RB Leipzig
80%
Bayer 04 Leverkusen
76%
FC Schalke 04
73%
VfL Wolfsburg
32%
1. FC Kaiserslautern
25%

Verteilung der Resultate

Perzentil nach korrekt beantworteten Fragen

Anzahl Personen mit jedem Resultat

Ihre Resultats-Entwicklung

Sie haben dieses Quiz noch nicht gespielt